Vahīvaṭī śabdakośa. (Record no. 75768)
[ view plain ]
| 000 -LEADER | |
|---|---|
| fixed length control field | 00714cam a22002531 4500 |
| 001 - CONTROL NUMBER | |
| control field | sa 67006211 |
| 003 - CONTROL NUMBER IDENTIFIER | |
| control field | DLC |
| 005 - DATE AND TIME OF LATEST TRANSACTION | |
| control field | 20260227112404.0 |
| 008 - FIXED-LENGTH DATA ELEMENTS--GENERAL INFORMATION | |
| fixed length control field | 901227s1965 ii d 000 0 gujo |
| 010 ## - LIBRARY OF CONGRESS CONTROL NUMBER | |
| LC control number | sa 67006211 |
| 025 ## - OVERSEAS ACQUISITION NUMBER | |
| Overseas acquisition number | PL480:I-Gu-659 |
| 035 ## - SYSTEM CONTROL NUMBER | |
| System control number | (OCoLC)22902409 |
| 040 ## - CATALOGING SOURCE | |
| Original cataloging agency | DLC |
| Transcribing agency | WaU |
| Modifying agency | DLC |
| 041 0# - LANGUAGE CODE | |
| Language code of text/sound track or separate title | gujeng |
| 042 ## - AUTHENTICATION CODE | |
| Authentication code | premarc |
| 050 00 - LIBRARY OF CONGRESS CALL NUMBER | |
| Classification number | JQ620.G8 |
| Item number | A45 1965a |
| 110 1# - MAIN ENTRY--CORPORATE NAME | |
| Corporate name or jurisdiction name as entry element | Gujarat (India). |
| Subordinate unit | Directorate of Languages. |
| 245 10 - TITLE STATEMENT | |
| Title | Vahīvaṭī śabdakośa. |
| 260 ## - PUBLICATION, DISTRIBUTION, ETC. | |
| Date of publication, distribution, etc. | 1965. |
| 300 ## - PHYSICAL DESCRIPTION | |
| Extent | 2, 2, 157 p. |
| Dimensions | 21 cm. |
| 500 ## - GENERAL NOTE | |
| General note | English and Gujarati; introd. in Gujarati. |
| 650 #0 - SUBJECT ADDED ENTRY--TOPICAL TERM | |
| Topical term or geographic name entry element | Public administration |
| Form subdivision | Dictionaries. |
| 650 #0 - SUBJECT ADDED ENTRY--TOPICAL TERM | |
| Topical term or geographic name entry element | English language |
| General subdivision | Dictionaries |
| -- | Gujarati. |
No items available.